000 01187cam a22003377a 4500
003 CHAP
005 20220817041317.0
008 120614s2010 mx r 00010 spa d
010 _a10989
011 _a11961
020 _a9786074770889
035 _a13149
040 _cCHAP
082 0 4 _a613.2840972
_bC82
100 1 _aCoronado Herrera, Marta
_928141
245 1 0 _aÁcidos grasos Omega-3 y Omega-6 :
_bbiosíntesis, nutrición y salud
_c/por Marta Coronado Herrera y Salvador Vega y León
260 _aMéxico :
_bUAM. Unidad Xochimilco,
_c2010
300 _a285 p.
590 _aBATCH-UPD
_b10
_c20130110
_lUCH01
_h0944
590 _aBATCH-UPD
_b10
_c20130410
_lUCH01
_h0600
590 _aBATCH-UPD
_b10
_c20130914
_lUCH01
_h0123
590 _aCONVERSION
_b10
_c20130109
_lUCH01
_h1307
650 0 4 _aÁcidos grasos.
650 0 4 _aAlimentos
_xAnálisis.
_94164
650 0 4 _aNutrición.
_982246
700 0 _aVega y León, Salvador.
_9118312
901 _aBK
942 _cLIBRO
949 _a613.2840972 C82
_bBC
_cLIBRO
_d33724002336751
_eLIBRO
_gI.c/e
_h116887
_i13149
_sb
_t$142.50
949 _a613.2840972 C82
_bBC
_cLIBRO
_d33724002336793
_eLIBRO
_fc.2
_gI.c/e
_h116888
_i13149
_sb
_t$142.50
999 _c10989
_d10989